Formación religiosa y moral de la joven

保存先:
書誌詳細
第一著者: Beaudenom, Canonigo (著者)
フォーマット: 図書
言語:スペイン語
出版事項: Buenos Aires Difusión 1944
版:1a. ed
シリーズ:Biblioteca de la Joven Católica
主題:
タグ: タグ追加
タグなし, このレコードへの初めてのタグを付けませんか!

MARC

LEADER 00000cam a2200000 a 4500
001 UCE9665
003 CL-VaPUC
008 151029e19440000ag |||||||||||||||||spa|d
082 0 4 |a 268.6  |b BEA  |2 21 
100 0 |a Beaudenom, Canonigo  |e author  |9 582548 
245 1 0 |a Formación religiosa y moral de la joven 
250 |a 1a. ed 
300 |a 234 p 
942 |c BK 
945 |d 20151029 22:28:00  |a gsalatino 
260 |a Buenos Aires  |b Difusión  |c 1944 
650 0 |a Valores cristianos  |9 399897 
650 0 |a Valores espirituales   |9 398099 
650 0 |a Formación moral  |9 351605 
650 7 |a FORMACION RELIGIOSA  |2 CL-VaPUC  |9 399353 
650 0 |a Juventud  |9 271073 
583 |a last modification  |c 20151029 22:28:00  |k Rodrigo Vera 
490 0 |a Biblioteca de la Joven Católica 
999 |c 361310  |d 361308 
952 |0 0  |1 0  |3 erd  |4 0  |6 268_600000000000000_BEA_1944  |7 0  |8 P  |9 471744  |a BIBTEO  |b BIBTES  |c TEO_FTES  |i 5207908  |o 268.6 BEA 1944  |p 5207908  |r 2024-01-18  |w 2019-11-24  |y BK  |z Catalogado en:20151029  |k ICR